Litigation & dispute resolution 2009 (Record no. 109835)
[ view plain ]
| 000 -LEADER | |
|---|---|
| fixed length control field | 01620cad a22002415a 4500 |
| 001 - CONTROL NUMBER | |
| control field | E148002 |
| 008 - FIXED-LENGTH DATA ELEMENTS--GENERAL INFORMATION | |
| fixed length control field | 090713s2009 xxk 000 0 eng u |
| 035 ## - SYSTEM CONTROL NUMBER | |
| System control number | (Sirsi) u148002 |
| 041 0# - LANGUAGE CODE | |
| Language code of text/sound track or separate title | eng |
| 050 04 - LIBRARY OF CONGRESS CALL NUMBER | |
| Classification number | 347.4109 $2 18 |
| 100 1# - MAIN ENTRY--PERSONAL NAME | |
| Personal name | Blanke, Gordon |
| 245 00 - TITLE STATEMENT | |
| Title | Litigation & dispute resolution 2009 |
| Medium | [electronic resource] |
| 260 ## - PUBLICATION, DISTRIBUTION, ETC. | |
| Place of publication, distribution, etc. | [S.l.] |
| Name of publisher, distributor, etc. | ICLGS |
| Date of publication, distribution, etc. | 2009 |
| 490 #0 - SERIES STATEMENT | |
| Series statement | International Comparative Legal Guide Series |
| 505 1# - FORMATTED CONTENTS NOTE | |
| Formatted contents note | Litigating, arbitrating and mediating competition law disputes -- Albania -- Argentina -- Austria -- Belgium -- Brazil -- Bulgaria -- Canada -- Chile -- Columbia -- Costa Rica -- Cyprus -- Czech Republic -- Denmark -- Ecuador -- El Salvador -- England and Wales -- Estonia -- Finland -- France -- Germany -- Guatamala -- Honduras -- India -- Indonesia -- Ireland -- Israel -- Italy -- Japan -- Korea -- Latvia -- Lithuania -- Luxembourg -- Malta -- Mexico -- Nicaragua -- Romania -- Russia -- Slovakia -- Slovenia -- Spain -- Switzerland -- Ukraine -- USA |
| 520 ## - SUMMARY, ETC. | |
| Summary, etc. | Looks at factors which should be considered when deciding how to deal with competition law claims as a private party involved in proceedings involving competition law issues. Goes on to focus on policies from over 40 different political entities in the 'country chapters'. |
| 590 ## - LOCAL NOTE (RLIN) | |
| Local note | KA |
| 651 #4 - SUBJECT ADDED ENTRY--GEOGRAPHIC NAME | |
| Geographic name | International |
| 690 ## - LOCAL SUBJECT ADDED ENTRY--TOPICAL TERM (OCLC, RLIN) | |
| Topical term or geographic name as entry element | MANAGEMENT-DISPUTE AVOIDANCE, MANAGEMENT AND RESOLUTION-DISPUTE MANAGEMENT AND RESOLUTION |
| 700 1# - ADDED ENTRY--PERSONAL NAME | |
| Personal name | Nazzini, Renato |
| Titles and other words associated with a name | Doctor |
| 856 40 - ELECTRONIC LOCATION AND ACCESS | |
| Uniform Resource Identifier | <a href="https://www.iclg.co.uk/index.php?area=4&kh_publications_id=94">https://www.iclg.co.uk/index.php?area=4&kh_publications_id=94</a> |
| Public note | View the item free of charge at www.iclg.co.uk... |
| 942 ## - ADDED ENTRY ELEMENTS (KOHA) | |
| Suppress in OPAC | 0 |
| Withdrawn status | Lost status | Source of classification or shelving scheme | Damaged status | Not for loan | Home library | Current library | Shelving location | Date acquired | Total Checkouts | Full call number | Barcode | Date last seen | Copy number | Price effective from | Koha item type |
|---|---|---|---|---|---|---|---|---|---|---|---|---|---|---|---|
| Dewey Decimal Classification | Virtual | Virtual | Online | 13/07/2009 | ONLINE PUBLICATION | 148002-2001 | 06/08/2019 | 1 | 06/08/2019 | Book |